000 00825cam a2200289 4500500
005 20260405003038.0
041 _afre
042 _adc
100 1 0 _aLegros, Martin
_eauthor
245 0 0 _aAndré Comte-Sponville/Francis Wolff. Préférons-nous la santé à la liberté ?
260 _c2020.
500 _a38
690 _aAndré Comte-Sponville
690 _aCoronavirus
690 _aCovid-19
690 _aÉconomie
690 _aFrancis Wolff
690 _aGénérations
690 _aHumanisme
690 _aJeunes
690 _aMort
690 _aPoltique
690 _aSanté
690 _aVieux
786 0 _nPhilosophie magazine | 139 | 6 | 2020-06-01 | p. 2-5 | 1951-1787
856 4 1 _uhttps://shs.cairn.info/magazine-philosophie-magazine-2020-6-page-2?lang=fr&redirect-ssocas=7080
999 _c2063877
_d2063877